01467cam a22003491i 450000100090000000300090000900500170001800800410003503500180007604000430009404100130013708200210015010000510017124000600022224501830028226400500046530000400051533600260055533700280058133800270060949000450063650000210068150000240070254600690072665000490079565000390084465500170088370000350090094200120093599900170094795201530096410230617EG-ScBUE20250218103157.0720623s1949 nyud f 001 0 eng d a(OCoLC)339897 aEG-ScBUEbengerdacEG-ScBUEdEG-ScBUE1 aenghger04a515.353bSOM2221 aSommerfeld, Arnold,d1868-1951,eauthor.9795510aPartielle Differentialgleichungen der Physik.lEnglish.10aPartial differential equations in physics /cby Arnold Sommerfeld, University of Munich, Germany ; translated by Ernst G. Straus, The Institute for Advanced Study, Princton, N.J. 1aNew York, N.Y. :bAcademic Press INC.,c1949. axi, 335 pages :bdiagrams ;c24 cm. 2rdacontentatextbtxt aunmediated2rdamediabn avolumebnc2rdacarrier0 aPure and applied mathematics ;vvolume 1 aIncludes index.  aIncludes appendix.  aText in English ; translated from the original German language.  7aDifferential equations, Partia.979572BUEsh 7aMathematical physics.979582BUEsh vReading book1 aStraus, Ernst G.,etranslator. 2ddccBB c12324d12324 00102ddc40708Alef-BaaaMAINbMAINc1STd2009-07-12ePurchaseg150.00l1o515.353 SOMp000017413r2025-07-15 00:00:00s2024-03-25w2009-07-12yBB